[Event "European Youth Chess Championship G14"]
[Site "Prague, Top Hotel Prague"]
[Date "2012.08.25"]
[Round "9.1"]
[White "Beinenson, Katsiaryna"]
[Black "Haussernot, Cecile"]
[Result "1-0"]
[WhiteElo "1946"]
[BlackElo "2074"]
[PlyCount "0"]
[EventDate "2012.08.17"]

1. d4 {[%clk 1:30:58]} Nf6 {[%clk 1:30:55]} 2. Nf3 {[%clk 1:31:24]} e6
{[%clk 1:31:20]} 3. Bf4 {[%clk 1:31:49]} c5 {[%clk 1:31:19]} 4. e3
{[%clk 1:30:48]} Qb6 {[%clk 1:31:09]} 5. Qc1 {[%clk 1:29:02]} Nc6
{[%clk 1:30:43]} 6. c3 {[%clk 1:29:06]} d5 {[%clk 1:30:44]} 7. Bd3
{[%clk 1:28:55]} Be7 {[%clk 1:30:44]} 8. h3 {[%clk 1:28:39]} Bd7 {[%clk 1:30:54]}
9. O-O {[%clk 1:27:28]} Rc8 {[%clk 1:23:02]} 10. Nbd2 {[%clk 1:24:34]} a6
{[%clk 1:21:08]} 11. Qb1 {[%clk 1:14:56]} h6 {[%clk 1:18:22]} 12. Ne5
{[%clk 1:11:05]} g5 {[%clk 1:12:51]} 13. Bg3 {[%clk 1:07:59]} Nxe5
{[%clk 1:11:49]} 14. Bxe5 {[%clk 1:07:24]} Bb5 {[%clk 1:11:25]} 15. f4
{[%clk 0:59:35]} g4 {[%clk 1:11:25]} 16. hxg4 {[%clk 0:59:37]} Rg8
{[%clk 1:11:01]} 17. g5 {[%clk 0:57:40]} hxg5 {[%clk 1:09:07]} 18. fxg5
{[%clk 0:57:45]} Ng4 {[%clk 1:09:27]} 19. Bxb5+ {[%clk 0:53:28]} Qxb5
{[%clk 1:08:36]} 20. Qh7 {[%clk 0:53:13]} Nxe5 {[%clk 0:56:22]} 21. dxe5
{[%clk 0:51:19]} Rxg5 {[%clk 0:53:49]} 22. Rxf7 {[%clk 0:46:30]} Rc7
{[%clk 0:51:15]} 23. Raf1 {[%clk 0:45:29]} Qe2 {[%clk 0:51:00]} 24. Qh8+
{[%clk 0:41:47]} Kd7 {[%clk 0:51:22]} 25. R1f2 {[%clk 0:40:37]} Qxe3
{[%clk 0:47:24]} 26. Nf1 {[%clk 0:38:05]} Qxe5 {[%clk 0:46:31]} 27. Qf8
{[%clk 0:30:54]} Kd6 {[%clk 0:44:33]} 28. Rxe7 {[%clk 0:28:12]} Rxe7
{[%clk 0:43:47]} 29. Rf7 {[%clk 0:28:28]} Rxg2+ {[%clk 0:40:47]} 30. Kxg2
{[%clk 0:27:55]} Qe4+ {[%clk 0:40:18]} 31. Kh3 {[%clk 0:26:36]} Qd3+
{[%clk 0:38:30]} 32. Ng3 {[%clk 0:26:56]} Ke5 {[%clk 0:36:26]} 33. Qxe7
{[%clk 0:26:25]} b6 1-0

[Event "European Youth Chess Championship G14"]
[Site "Prague, Top Hotel Prague"]
[Date "2012.08.25"]
[Round "9.2"]
[White "Khomeriki, Nino"]
[Black "Paramzina, Anastasya"]
[Result "1/2-1/2"]
[WhiteElo "2030"]
[BlackElo "2021"]
[PlyCount "0"]
[EventDate "2012.08.17"]

1. Nf3 {[%clk 1:30:47]} d5 {[%clk 1:30:55]} 2. b3 {[%clk 1:30:52]} Nf6
{[%clk 1:30:37]} 3. Bb2 {[%clk 1:31:05]} g6 {[%clk 1:31:03]} 4. e3
{[%clk 1:30:11]} Bg7 {[%clk 1:31:24]} 5. c4 {[%clk 1:24:00]} O-O {[%clk 1:27:48]}
6. Be2 {[%clk 1:19:36]} c5 {[%clk 1:25:01]} 7. O-O {[%clk 1:17:39]} Nc6
{[%clk 1:24:48]} 8. cxd5 {[%clk 1:12:49]} Qxd5 {[%clk 1:22:12]} 9. Nc3
{[%clk 1:12:02]} Qd8 {[%clk 1:21:57]} 10. Rc1 {[%clk 0:57:11]} Nb4
{[%clk 1:14:22]} 11. d4 {[%clk 0:50:53]} cxd4 {[%clk 1:14:38]} 12. Nxd4
{[%clk 0:48:29]} Nbd5 {[%clk 0:57:40]} 13. Bf3 {[%clk 0:40:46]} Qa5
{[%clk 0:54:05]} 14. Na4 {[%clk 0:31:42]} Rd8 {[%clk 0:49:06]} 15. Qe2
{[%clk 0:26:55]} Nd7 {[%clk 0:40:24]} 16. Rfd1 {[%clk 0:22:30]} e6
{[%clk 0:34:55]} 17. g3 {[%clk 0:16:04]} Ne5 {[%clk 0:26:38]} 18. Bg2
{[%clk 0:15:33]} b6 {[%clk 0:21:51]} 19. Bf1 {[%clk 0:08:05]} Nb4
{[%clk 0:14:15]} 20. a3 {[%clk 0:07:20]} Nbd3 {[%clk 0:13:05]} 21. Rxd3
{[%clk 0:06:34]} Ba6 {[%clk 0:11:05]} 22. Qd1 {[%clk 0:01:54]} Bxd3
{[%clk 0:10:31]} 23. Bxd3 {[%clk 0:00:54]} Nxd3 {[%clk 0:10:43]} 24. Qxd3
{[%clk 0:00:34]} e5 {[%clk 0:11:08]} 25. Rc7 {[%clk 0:00:35]} exd4
{[%clk 0:11:06]} 26. exd4 {[%clk 0:00:32]} b5 {[%clk 0:10:34]} 27. Rc5
{[%clk 0:00:37]} Qe1+ {[%clk 0:10:57]} 28. Kg2 {[%clk 0:01:07]} bxa4
{[%clk 0:11:14]} 29. Qf3 {[%clk 0:01:25]} Rac8 {[%clk 0:10:48]} 30. Rb5
{[%clk 0:01:43]} axb3 {[%clk 0:10:09]} 31. Rb7 {[%clk 0:02:05]} Qe6
{[%clk 0:10:32]} 32. Rxa7 {[%clk 0:01:38]} Rc2 {[%clk 0:10:02]} 33. d5
{[%clk 0:01:27]} Qxd5 {[%clk 0:09:39]} 34. Qxd5 {[%clk 0:01:48]} Rxd5
{[%clk 0:10:03]} 35. Ra8+ {[%clk 0:02:16]} Bf8 {[%clk 0:10:25]} 36. Bf6
{[%clk 0:02:43]} b2 {[%clk 0:08:20]} 37. Rb8 {[%clk 0:02:52]} Rf5
{[%clk 0:07:57]} 38. Be7 {[%clk 0:03:03]} Rcxf2+ {[%clk 0:08:22]} 39. Kh3
{[%clk 0:03:21]} Rh5+ {[%clk 0:08:47]} 40. Bh4 {[%clk 0:33:33]} Kg7
{[%clk 0:38:06]} 41. g4 {[%clk 0:33:48]} Rxh4+ {[%clk 0:38:21]} 42. Kxh4
{[%clk 0:34:06]} Rxh2+ {[%clk 0:38:45]} 1/2-1/2

[Event "European Youth Chess Championship G14"]
[Site "Prague, Top Hotel Prague"]
[Date "2012.08.25"]
[Round "9.3"]
[White "Kisteneva, Liza"]
[Black "Rodionova, Daria"]
[Result "1-0"]
[WhiteElo "2040"]
[BlackElo "2074"]
[PlyCount "0"]
[EventDate "2012.08.17"]

1. d4 {[%clk 1:30:54]} d5 {[%clk 1:30:55]} 2. c4 {[%clk 1:31:19]} c6
{[%clk 1:31:23]} 3. Nf3 {[%clk 1:31:42]} Nf6 {[%clk 1:31:50]} 4. Nc3
{[%clk 1:31:18]} a6 {[%clk 1:32:13]} 5. e3 {[%clk 1:31:33]} g6 {[%clk 1:32:16]}
6. Ne5 {[%clk 1:10:32]} Bg7 {[%clk 1:30:42]} 7. Be2 {[%clk 1:10:41]} Ne4
{[%clk 1:29:31]} 8. cxd5 {[%clk 1:05:50]} Nxc3 {[%clk 1:20:35]} 9. bxc3
{[%clk 1:06:14]} cxd5 {[%clk 1:19:02]} 10. f4 {[%clk 1:03:14]} O-O
{[%clk 1:05:39]} 11. O-O {[%clk 1:00:39]} Nc6 {[%clk 0:49:41]} 12. c4
{[%clk 0:56:14]} Be6 {[%clk 0:46:53]} 13. Nxc6 {[%clk 0:52:51]} bxc6
{[%clk 0:47:13]} 14. c5 {[%clk 0:53:02]} Bf5 {[%clk 0:41:52]} 15. Qa4
{[%clk 0:51:39]} Qc7 {[%clk 0:41:26]} 16. Bd2 {[%clk 0:49:42]} a5
{[%clk 0:41:25]} 17. Bc3 {[%clk 0:48:56]} f6 {[%clk 0:34:45]} 18. Rf2
{[%clk 0:42:02]} e5 {[%clk 0:27:24]} 19. Bf1 {[%clk 0:35:00]} Rfe8
{[%clk 0:20:17]} 20. g3 {[%clk 0:32:36]} Reb8 {[%clk 0:18:24]} 21. Rb2
{[%clk 0:29:24]} Rxb2 {[%clk 0:14:37]} 22. Bxb2 {[%clk 0:29:50]} exf4
{[%clk 0:12:44]} 23. exf4 {[%clk 0:29:40]} Qe7 {[%clk 0:11:57]} 24. Bc1
{[%clk 0:24:19]} Qe1 {[%clk 0:02:04]} 25. Qxc6 {[%clk 0:15:36]} Rd8
{[%clk 0:01:32]} 26. Qb5 {[%clk 0:15:57]} Bg4 {[%clk 0:00:47]} 27. Qd3
{[%clk 0:15:30]} f5 {[%clk 0:00:40]} 28. Bb2 {[%clk 0:13:15]} Qe4
{[%clk 0:00:45]} 29. Bc3 {[%clk 0:12:51]} Qxd3 30. Bxd3 {[%clk 0:13:15]} Bf3
{[%clk 0:00:43]} 31. Kf2 {[%clk 0:11:56]} Be4 {[%clk 0:00:57]} 32. Ke3
{[%clk 0:12:23]} a4 {[%clk 0:00:47]} 33. Rb1 {[%clk 0:12:38]} Bxd3
{[%clk 0:00:37]} 34. Kxd3 {[%clk 0:13:02]} Rd7 {[%clk 0:00:36]} 35. Rb8+
{[%clk 0:13:15]} Kf7 {[%clk 0:00:35]} 36. c6 {[%clk 0:12:50]} Re7
{[%clk 0:00:52]} 37. Bb4 {[%clk 0:12:59]} Re8 {[%clk 0:00:37]} 38. c7
{[%clk 0:13:20]} 1-0

[Event "European Youth Chess Championship G14"]
[Site "Prague, Top Hotel Prague"]
[Date "2012.08.25"]
[Round "9.4"]
[White "Mammadova, Narmin"]
[Black "Vasenina, Anna"]
[Result "0-1"]
[WhiteElo "1980"]
[BlackElo "1978"]
[PlyCount "0"]
[EventDate "2012.08.17"]

1. Nf3 {[%clk 1:30:40]} g6 {[%clk 1:30:07]} 2. g3 {[%clk 1:31:03]} Bg7
{[%clk 1:30:12]} 3. Bg2 {[%clk 1:31:25]} d6 {[%clk 1:30:34]} 4. O-O
{[%clk 1:31:38]} Nd7 {[%clk 1:30:25]} 5. d3 {[%clk 1:31:21]} e5 {[%clk 1:30:04]}
6. e4 {[%clk 1:31:21]} h6 {[%clk 1:29:57]} 7. Nc3 {[%clk 1:30:54]} Ne7
{[%clk 1:30:15]} 8. Be3 {[%clk 1:30:18]} O-O {[%clk 1:30:32]} 9. Qd2
{[%clk 1:30:24]} Kh7 {[%clk 1:30:42]} 10. Nh4 {[%clk 1:26:52]} Nf6
{[%clk 1:25:01]} 11. h3 {[%clk 1:14:35]} d5 {[%clk 1:20:15]} 12. exd5
{[%clk 1:10:14]} Nexd5 {[%clk 1:12:41]} 13. Bc5 {[%clk 1:05:23]} Re8
{[%clk 1:12:56]} 14. Rae1 {[%clk 1:02:30]} Nxc3 {[%clk 1:11:01]} 15. Qxc3
{[%clk 0:52:25]} g5 {[%clk 0:39:02]} 16. Nf3 {[%clk 0:50:43]} Nd7
{[%clk 0:35:49]} 17. Nd2 {[%clk 0:37:39]} f5 {[%clk 0:34:04]} 18. d4
{[%clk 0:28:04]} e4 {[%clk 0:24:54]} 19. Ba3 {[%clk 0:22:53]} Nf6
{[%clk 0:23:38]} 20. Nc4 {[%clk 0:12:39]} Nd5 {[%clk 0:20:49]} 21. Qd2
{[%clk 0:12:18]} Be6 {[%clk 0:19:43]} 22. b3 {[%clk 0:11:04]} Qd7
{[%clk 0:11:16]} 23. Bb2 Rad8 {[%clk 0:09:55]} 24. Qe2 {[%clk 0:07:29]} Bf7
{[%clk 0:07:16]} 25. Ne5 {[%clk 0:06:09]} Bxe5 {[%clk 0:07:39]} 26. dxe5
{[%clk 0:06:35]} Qc6 {[%clk 0:07:45]} 27. a3 {[%clk 0:01:40]} b5 {[%clk 0:04:59]}
28. Kh2 {[%clk 0:01:23]} Bg6 {[%clk 0:04:06]} 29. Rc1 {[%clk 0:01:10]} Nc3
{[%clk 0:03:16]} 30. Qe1 {[%clk 0:01:02]} Nd5 {[%clk 0:02:39]} 31. Kg1
{[%clk 0:00:40]} Qb6 {[%clk 0:02:19]} 32. Rd1 {[%clk 0:00:41]} c5
{[%clk 0:01:52]} 33. Ba1 {[%clk 0:00:38]} b4 {[%clk 0:01:26]} 34. a4
{[%clk 0:00:53]} Qc6 {[%clk 0:01:10]} 35. Qe2 {[%clk 0:00:50]} Nc7
{[%clk 0:01:05]} 36. c3 {[%clk 0:00:42]} bxc3 {[%clk 0:01:26]} 37. Bxc3
{[%clk 0:01:10]} Nd5 {[%clk 0:01:34]} 38. Ba1 {[%clk 0:01:30]} Nb4
{[%clk 0:00:44]} 39. Qb2 {[%clk 0:01:33]} Qe6 {[%clk 0:01:01]} 40. Qc3
{[%clk 0:31:12]} Nd3 {[%clk 0:30:52]} 41. f3 {[%clk 0:28:53]} Rf8
{[%clk 0:12:06]} 42. Rd2 {[%clk 0:17:45]} Rb8 {[%clk 0:11:42]} 43. Rb1
{[%clk 0:13:32]} Rf7 {[%clk 0:10:07]} 44. Bf1 {[%clk 0:11:48]} c4
{[%clk 0:08:36]} 45. Rdd1 {[%clk 0:08:30]} Rfb7 {[%clk 0:07:52]} 46. Qd4
{[%clk 0:06:29]} Rd7 {[%clk 0:05:01]} 47. Qe3 {[%clk 0:02:10]} f4
{[%clk 0:05:19]} 48. Qe2 {[%clk 0:02:04]} fxg3 {[%clk 0:04:47]} 49. bxc4
{[%clk 0:01:05]} Rxb1 {[%clk 0:04:43]} 50. Rxb1 {[%clk 0:01:34]} Nf4
{[%clk 0:04:45]} 51. Qb2 {[%clk 0:00:55]} exf3 {[%clk 0:04:55]} 52. Qb3
{[%clk 0:00:36]} f2+ {[%clk 0:05:08]} 53. Kh1 {[%clk 0:00:52]} Be4+
{[%clk 0:05:33]} 0-1

[Event "European Youth Chess Championship G14"]
[Site "Prague, Top Hotel Prague"]
[Date "2012.08.25"]
[Round "9.6"]
[White "Heinemann, Josefine"]
[Black "Mokshanova, Elizaveta"]
[Result "1-0"]
[WhiteElo "1839"]
[BlackElo "1859"]
[PlyCount "0"]
[EventDate "2012.08.17"]

1. e4 {[%clk 1:30:57]} c5 {[%clk 1:30:57]} 2. Nf3 {[%clk 1:31:22]} Nc6
{[%clk 1:31:23]} 3. d4 {[%clk 1:31:45]} cxd4 {[%clk 1:31:49]} 4. Nxd4
{[%clk 1:32:11]} Nf6 {[%clk 1:32:13]} 5. Nc3 {[%clk 1:32:34]} e5 {[%clk 1:32:37]}
6. Ndb5 {[%clk 1:32:58]} d6 {[%clk 1:33:02]} 7. Bg5 {[%clk 1:33:22]} a6
{[%clk 1:33:01]} 8. Na3 {[%clk 1:33:45]} b5 {[%clk 1:33:27]} 9. Bxf6
{[%clk 1:34:07]} gxf6 {[%clk 1:33:27]} 10. Nd5 {[%clk 1:34:30]} Bg7
{[%clk 1:33:33]} 11. c3 {[%clk 1:34:06]} O-O {[%clk 1:33:34]} 12. Nc2
{[%clk 1:33:54]} f5 {[%clk 1:32:32]} 13. exf5 {[%clk 1:33:43]} Bxf5
{[%clk 1:32:53]} 14. Nce3 {[%clk 1:34:02]} Be6 {[%clk 1:32:39]} 15. Bd3
{[%clk 1:33:50]} f5 {[%clk 1:26:38]} 16. O-O {[%clk 1:34:05]} Ne7
{[%clk 1:20:39]} 17. Nxe7+ {[%clk 1:34:22]} Qxe7 {[%clk 1:21:02]} 18. Bxf5
{[%clk 1:34:39]} Kh8 {[%clk 1:14:51]} 19. Bxe6 {[%clk 1:25:54]} Qxe6
{[%clk 1:15:14]} 20. Qd5 {[%clk 1:26:03]} Qg6 {[%clk 1:14:57]} 21. Rad1
{[%clk 1:23:00]} Rad8 {[%clk 1:14:19]} 22. Qc6 {[%clk 1:13:10]} Rg8
{[%clk 1:08:05]} 23. g3 {[%clk 1:11:19]} Bh6 {[%clk 1:04:21]} 24. Ng2
{[%clk 1:10:50]} d5 {[%clk 1:01:23]} 25. Qxg6 {[%clk 1:08:18]} Rxg6
{[%clk 1:01:42]} 26. f4 {[%clk 1:08:03]} e4 {[%clk 1:01:00]} 27. Ne3
{[%clk 1:08:14]} Rgd6 {[%clk 0:57:08]} 28. Rd2 {[%clk 1:05:38]} Bg7
{[%clk 0:53:53]} 29. Rfd1 {[%clk 1:03:30]} d4 {[%clk 0:47:17]} 30. cxd4
{[%clk 1:03:54]} Rxd4 {[%clk 0:47:37]} 31. Rxd4 {[%clk 1:03:52]} Bxd4
{[%clk 0:47:58]} 32. Kf1 {[%clk 1:04:10]} Kg8 {[%clk 0:47:20]} 33. Nf5
{[%clk 1:04:07]} Bb6 {[%clk 0:47:43]} 34. Rxd8+ {[%clk 1:04:25]} Bxd8
{[%clk 0:48:09]} 35. Ke2 {[%clk 1:04:26]} Bb6 {[%clk 0:48:31]} 36. Nd6
{[%clk 1:04:35]} Bd4 {[%clk 0:47:46]} 37. b3 {[%clk 1:04:55]} Kf8
{[%clk 0:48:01]} 38. Nxe4 {[%clk 1:05:12]} Ke7 {[%clk 0:48:27]} 39. Kd3
{[%clk 1:05:17]} Bb6 {[%clk 0:48:37]} 40. g4 {[%clk 1:34:37]} h6 {[%clk 1:18:57]}
41. Ng3 {[%clk 1:34:00]} Kf6 {[%clk 1:19:09]} 42. Ke4 {[%clk 1:34:17]} a5
{[%clk 1:19:07]} 43. Nh5+ {[%clk 1:31:34]} Kf7 {[%clk 1:18:19]} 44. Kf5
{[%clk 1:30:40]} Bg1 {[%clk 1:18:34]} 45. h3 {[%clk 1:30:57]} a4 {[%clk 1:18:59]}
46. g5 {[%clk 1:30:19]} hxg5 {[%clk 1:18:58]} 47. fxg5 {[%clk 1:30:46]} axb3
{[%clk 1:19:19]} 48. axb3 {[%clk 1:31:12]} b4 {[%clk 1:19:39]} 49. Nf4
{[%clk 1:31:27]} Be3 {[%clk 1:19:31]} 50. h4 {[%clk 1:31:35]} Kg7
{[%clk 1:19:22]} 51. h5 {[%clk 1:31:51]} Kh7 {[%clk 1:19:30]} 52. Nd5
{[%clk 1:32:03]} Bd2 {[%clk 1:19:53]} 53. Nf6+ {[%clk 1:32:23]} Kg7
{[%clk 1:20:20]} 54. h6+ {[%clk 1:32:48]} Kh8 {[%clk 1:20:44]} 55. Ne4
{[%clk 1:32:45]} Be3 {[%clk 1:21:05]} 56. Kg6 {[%clk 1:32:54]} Bf4
{[%clk 1:21:22]} 57. Kh5 {[%clk 1:32:25]} Kh7 {[%clk 1:21:33]} 58. g6+
{[%clk 1:32:50]} Kh8 {[%clk 1:21:54]} 59. g7+ {[%clk 1:33:13]} 1-0

[Event "European Youth Chess Championship G14"]
[Site "Prague, Top Hotel Prague"]
[Date "2012.08.25"]
[Round "9.7"]
[White "Schnegg, Anna-Lena"]
[Black "Vidic, Teja"]
[Result "1-0"]
[WhiteElo "2088"]
[BlackElo "1888"]
[PlyCount "0"]
[EventDate "2012.08.17"]

1. e4 {[%clk 1:30:40]} e5 {[%clk 1:30:55]} 2. Nf3 {[%clk 1:31:02]} Nc6
{[%clk 1:31:20]} 3. Bb5 {[%clk 1:31:19]} a6 {[%clk 1:31:36]} 4. Ba4
{[%clk 1:31:40]} Nf6 {[%clk 1:31:33]} 5. O-O {[%clk 1:31:58]} b5 {[%clk 1:31:57]}
6. Bb3 {[%clk 1:32:17]} Bb7 {[%clk 1:32:22]} 7. d3 {[%clk 1:31:10]} Be7
{[%clk 1:32:43]} 8. a4 {[%clk 1:25:14]} O-O {[%clk 1:30:08]} 9. Nc3
{[%clk 1:16:55]} b4 {[%clk 1:28:39]} 10. Ne2 {[%clk 1:15:58]} d6 {[%clk 1:26:21]}
11. Ng3 {[%clk 1:13:32]} Na5 {[%clk 1:24:34]} 12. Ba2 {[%clk 1:12:20]} c5
{[%clk 1:22:54]} 13. c3 {[%clk 1:09:44]} Rb8 {[%clk 1:12:09]} 14. Bd2
{[%clk 0:57:12]} b3 {[%clk 1:05:02]} 15. Bb1 {[%clk 0:55:34]} c4 {[%clk 0:54:57]}
16. Bg5 {[%clk 0:48:20]} Bc8 {[%clk 0:49:40]} 17. Qe2 {[%clk 0:40:36]} Be6
{[%clk 0:40:53]} 18. Nf5 {[%clk 0:30:22]} g6 {[%clk 0:33:41]} 19. Ne3
{[%clk 0:24:06]} Qc7 {[%clk 0:32:48]} 20. dxc4 {[%clk 0:20:44]} Nxc4
{[%clk 0:32:06]} 21. Bd3 {[%clk 0:21:00]} Rfc8 {[%clk 0:28:37]} 22. Rfd1
{[%clk 0:19:43]} Rb6 {[%clk 0:23:53]} 23. a5 {[%clk 0:18:01]} Rc6
{[%clk 0:21:44]} 24. Nxc4 {[%clk 0:15:39]} Bxc4 {[%clk 0:22:05]} 25. Bxc4
{[%clk 0:15:46]} Rxc4 {[%clk 0:22:21]} 26. Bxf6 {[%clk 0:14:54]} Bxf6
{[%clk 0:22:46]} 27. Nd2 {[%clk 0:15:12]} Rc5 {[%clk 0:20:50]} 28. Qxa6
{[%clk 0:15:00]} Rb8 {[%clk 0:20:55]} 29. Nf1 {[%clk 0:08:36]} Rc6
{[%clk 0:15:14]} 30. Qd3 {[%clk 0:08:18]} Ra8 {[%clk 0:15:12]} 31. Ne3
{[%clk 0:07:26]} Bg5 {[%clk 0:07:46]} 32. Nd5 {[%clk 0:07:28]} Qd8
{[%clk 0:07:51]} 33. Nb4 {[%clk 0:05:37]} Rc5 {[%clk 0:06:41]} 34. a6
{[%clk 0:05:34]} Be7 {[%clk 0:05:00]} 35. Ra3 {[%clk 0:04:26]} Qd7
{[%clk 0:00:57]} 36. Rxb3 {[%clk 0:01:35]} Ra5 {[%clk 0:00:44]} 37. h3
{[%clk 0:00:50]} d5 {[%clk 0:00:41]} 38. Nxd5 {[%clk 0:01:01]} R5xa6
{[%clk 0:00:33]} 39. Nf6+ {[%clk 0:01:15]} 1-0

[Event "European Youth Chess Championship G14"]
[Site "Prague, Top Hotel Prague"]
[Date "2012.08.25"]
[Round "9.8"]
[White "Menzi, Nezihe Ezgi"]
[Black "Dordzhieva, Dinara"]
[Result "1-0"]
[WhiteElo "1876"]
[BlackElo "2055"]
[PlyCount "0"]
[EventDate "2012.08.17"]

1. e4 {[%clk 1:30:57]} c5 {[%clk 1:30:54]} 2. Nf3 {[%clk 1:31:25]} d6
{[%clk 1:31:19]} 3. d4 {[%clk 1:31:51]} Nf6 {[%clk 1:31:28]} 4. dxc5
{[%clk 1:31:51]} Nxe4 {[%clk 1:31:50]} 5. cxd6 {[%clk 1:31:32]} Nxd6
{[%clk 1:18:59]} 6. Nc3 {[%clk 1:30:36]} Nc6 {[%clk 1:19:09]} 7. Bf4
{[%clk 1:28:44]} f6 {[%clk 1:14:15]} 8. Bxd6 {[%clk 1:24:05]} Qxd6
{[%clk 1:12:01]} 9. Qxd6 {[%clk 1:24:03]} exd6 {[%clk 1:12:16]} 10. Nb5
{[%clk 1:21:48]} Kd7 {[%clk 1:11:44]} 11. O-O-O {[%clk 1:20:28]} a6
{[%clk 1:08:42]} 12. Nc3 {[%clk 1:20:18]} Ne7 {[%clk 0:57:16]} 13. Ne4
{[%clk 1:10:01]} Nc6 {[%clk 0:56:23]} 14. Bc4 {[%clk 1:00:57]} Kc7
{[%clk 0:53:57]} 15. Rhe1 {[%clk 0:55:40]} Ne5 {[%clk 0:48:02]} 16. Be2
{[%clk 0:49:44]} Be6 {[%clk 0:44:24]} 17. Nc3 {[%clk 0:44:22]} Rd8
{[%clk 0:40:42]} 18. Nd4 {[%clk 0:43:39]} Bf7 {[%clk 0:40:09]} 19. f4
{[%clk 0:42:49]} Nc6 {[%clk 0:30:17]} 20. Bf3 {[%clk 0:38:29]} Nxd4
{[%clk 0:15:13]} 21. Rxd4 {[%clk 0:38:53]} f5 {[%clk 0:15:29]} 22. Bd5
{[%clk 0:36:17]} Re8 {[%clk 0:10:51]} 23. Rc4+ {[%clk 0:35:31]} Kb8
{[%clk 0:11:14]} 24. Rxe8+ {[%clk 0:35:07]} Bxe8 {[%clk 0:11:44]} 25. Be6
{[%clk 0:35:14]} Bc6 {[%clk 0:11:43]} 26. Bxf5 {[%clk 0:32:46]} d5
{[%clk 0:06:42]} 27. Rd4 {[%clk 0:33:12]} g6 {[%clk 0:07:07]} 28. Be6
{[%clk 0:33:19]} Bc5 {[%clk 0:05:46]} 29. Rd1 {[%clk 0:29:54]} d4
{[%clk 0:05:44]} 30. Ne2 {[%clk 0:23:02]} Re8 {[%clk 0:05:41]} 31. Bc4
{[%clk 0:23:00]} b5 {[%clk 0:05:25]} 32. Bd3 {[%clk 0:23:23]} Bxg2
{[%clk 0:05:40]} 33. Ng3 {[%clk 0:23:15]} Kc7 {[%clk 0:03:11]} 34. f5
{[%clk 0:23:23]} gxf5 {[%clk 0:02:56]} 35. Nxf5 {[%clk 0:21:44]} h5
{[%clk 0:02:56]} 36. Rg1 {[%clk 0:20:31]} Bf3 {[%clk 0:02:04]} 37. a3
{[%clk 0:13:56]} Rf8 {[%clk 0:01:54]} 38. Rg7+ {[%clk 0:11:05]} Kb8
{[%clk 0:01:22]} 39. b4 {[%clk 0:10:52]} Ba7 {[%clk 0:00:47]} 40. Rd7
{[%clk 0:38:00]} Bc6 {[%clk 0:30:41]} 41. Rh7 {[%clk 0:34:48]} Bf3
{[%clk 0:29:42]} 42. Rd7 {[%clk 0:31:41]} Bg4 {[%clk 0:15:29]} 43. Rd5
{[%clk 0:31:22]} Kc7 {[%clk 0:13:51]} 44. Nxd4 {[%clk 0:30:48]} Rf4
{[%clk 0:13:37]} 45. Nb3 {[%clk 0:28:50]} Kc6 {[%clk 0:04:47]} 46. Rg5
{[%clk 0:21:50]} Rf6 {[%clk 0:03:23]} 47. Nc5 {[%clk 0:20:41]} Bb8
{[%clk 0:02:47]} 48. Be4+ {[%clk 0:19:20]} Kd6 {[%clk 0:01:16]} 49. Nxa6
{[%clk 0:17:16]} Ba7 {[%clk 0:01:06]} 50. Nc5 {[%clk 0:17:22]} Bb6
{[%clk 0:00:49]} 51. Bd3 {[%clk 0:16:09]} Rh6 {[%clk 0:00:37]} 52. Bxb5
{[%clk 0:16:01]} Bd8 {[%clk 0:00:37]} 53. Nb7+ {[%clk 0:16:15]} Ke7
{[%clk 0:00:55]} 54. Nxd8 {[%clk 0:15:36]} Kxd8 {[%clk 0:01:16]} 55. Bd3
{[%clk 0:14:54]} Ke7 {[%clk 0:00:58]} 56. a4 {[%clk 0:14:29]} Rb6
{[%clk 0:00:51]} 57. Re5+ {[%clk 0:14:21]} Kf6 {[%clk 0:01:15]} 58. Rb5
{[%clk 0:14:36]} 1-0

[Event "European Youth Chess Championship G14"]
[Site "Prague, Top Hotel Prague"]
[Date "2012.08.25"]
[Round "9.9"]
[White "Maslova, Polina"]
[Black "Gazikova, Veronika"]
[Result "0-1"]
[WhiteElo "1867"]
[BlackElo "2033"]
[PlyCount "0"]
[EventDate "2012.08.17"]

1. e4 {[%clk 1:30:58]} Nf6 {[%clk 1:30:53]} 2. e5 {[%clk 1:31:22]} Nd5
{[%clk 1:31:17]} 3. d4 {[%clk 1:31:45]} d6 {[%clk 1:31:41]} 4. c4
{[%clk 1:32:08]} Nb6 {[%clk 1:32:06]} 5. exd6 {[%clk 1:32:32]} exd6
{[%clk 1:32:31]} 6. Nc3 {[%clk 1:32:48]} Nc6 {[%clk 1:32:55]} 7. h3
{[%clk 1:32:45]} Be7 {[%clk 1:33:04]} 8. Nf3 {[%clk 1:32:34]} Bf5
{[%clk 1:33:25]} 9. Be3 {[%clk 1:29:14]} O-O {[%clk 1:31:55]} 10. Be2
{[%clk 1:28:27]} Bf6 {[%clk 1:31:57]} 11. O-O {[%clk 1:27:24]} Re8
{[%clk 1:31:49]} 12. b3 {[%clk 1:19:50]} d5 {[%clk 1:31:19]} 13. c5
{[%clk 1:18:16]} Nc8 {[%clk 1:31:41]} 14. Rc1 {[%clk 1:15:56]} h6
{[%clk 1:31:57]} 15. b4 {[%clk 1:00:44]} N8e7 {[%clk 1:30:41]} 16. Qb3
{[%clk 0:51:15]} Be4 {[%clk 1:22:32]} 17. Rfd1 {[%clk 0:41:33]} Nf5
{[%clk 1:17:52]} 18. b5 {[%clk 0:30:57]} Na5 {[%clk 1:03:02]} 19. Qb4
{[%clk 0:29:41]} Bxf3 {[%clk 1:01:00]} 20. Bxf3 {[%clk 0:26:19]} c6
{[%clk 1:01:20]} 21. Bf4 {[%clk 0:22:50]} Nc4 {[%clk 1:00:16]} 22. Ne2
{[%clk 0:21:25]} g5 {[%clk 0:54:31]} 23. Bh2 {[%clk 0:18:12]} Qe7
{[%clk 0:52:03]} 24. bxc6 {[%clk 0:14:47]} bxc6 {[%clk 0:52:26]} 25. Re1
{[%clk 0:14:35]} Nh4 {[%clk 0:49:39]} 26. Rb1 {[%clk 0:09:45]} Nxf3+
{[%clk 0:48:17]} 27. gxf3 {[%clk 0:10:10]} a5 {[%clk 0:47:42]} 28. Qc3
{[%clk 0:09:03]} Qd7 {[%clk 0:46:13]} 29. Kg2 {[%clk 0:09:12]} Re6
{[%clk 0:42:43]} 30. Ng3 {[%clk 0:06:37]} Rae8 {[%clk 0:42:35]} 31. Rxe6
{[%clk 0:06:07]} Qxe6 {[%clk 0:42:45]} 32. Qd3 {[%clk 0:04:42]} Bg7
{[%clk 0:40:17]} 33. a4 {[%clk 0:04:38]} Qf6 {[%clk 0:37:49]} 34. Nf5
{[%clk 0:04:50]} Qe6 {[%clk 0:20:14]} 35. Ng3 {[%clk 0:04:45]} Qg6
{[%clk 0:18:18]} 36. Nf5 {[%clk 0:03:34]} Kh7 {[%clk 0:17:52]} 37. Rb3
{[%clk 0:02:44]} Re1 {[%clk 0:15:48]} 38. Rc3 {[%clk 0:00:45]} Ra1
{[%clk 0:13:32]} 39. Qc2 {[%clk 0:01:13]} Ra3 {[%clk 0:11:35]} 40. Rxa3
{[%clk 0:31:23]} Nxa3 {[%clk 0:41:55]} 41. Qd3 {[%clk 0:27:42]} Nc4
{[%clk 0:41:23]} 42. Qc2 {[%clk 0:25:27]} Kh8 {[%clk 0:40:38]} 43. Kf1
{[%clk 0:21:01]} Qe6 {[%clk 0:36:32]} 44. Kg2 {[%clk 0:16:55]} Qe1
{[%clk 0:35:09]} 45. Nxg7 {[%clk 0:13:36]} Kxg7 {[%clk 0:35:24]} 46. Qf5
{[%clk 0:13:51]} Qe6 {[%clk 0:32:45]} 47. Qb1 {[%clk 0:13:56]} Qe2
{[%clk 0:32:33]} 48. Qf5 {[%clk 0:14:00]} Ne3+ {[%clk 0:32:51]} 0-1